[Event "BUL-ch 80th"]
[Site "Pleven"]
[Date "2016.04.24"]
[Round "7"]
[White "Petkov, Vladimir"]
[Black "Danov, Radi"]
[Result "1-0"]
[WhiteElo "2474"]
[BlackElo "2333"]
[PlyCount "69"]
[EventDate "2016.04.18"]
[EventType "tourn"]
[EventRounds "9"]
[EventCountry "BUL"]
[EventCategory "9"]
[SourceTitle "CBM 172 Extra"]
[Source "ChessBase"]
[SourceDate "2016.06.21"]
[SourceVersion "1"]
[SourceVersionDate "2016.06.21"]
[SourceQuality "1"]

1. d4 Nf6 2. c4 c5 3. d5 e6 4. Nc3 exd5 5. cxd5 d6 6. e4 g6 7. Nf3 Bg7 8. h3 0-0 9. Bd3 a6 10. a4 Nbd7 11. 0-0 Re8 12. Bf4 Qc7 13. Re1 Nh5 14. Bh2 Ne5 15. Be2 Nxf3+ 16. Bxf3 Nf6 17. e5 dxe5 18. d6 Qb6 19. Bxe5 Bd7 20. Re2 c4 21. a5 Qb3 22. Qxb3 cxb3 23. Bxb7 Ra7 24. Bf3 Nh5 25. Rae1 Nf6 26. Bd4 Raa8 27. Bxa8 Rxa8 28. Re7 Be6 29. R1xe6 fxe6 30. Rxg7+ Kxg7 31. Ne4 Kf7 32. Bxf6 Ra7 33. Bd8 Ke8 34. Bb6 Rf7 35. Nc5 1-0

[Event "BUL-ch 80th"]
[Site "Pleven"]
[Date "2016.04.23"]
[Round "6"]
[White "Danov, Radi"]
[Black "Enchev, Ivajlo"]
[Result "1-0"]
[WhiteElo "2333"]
[BlackElo "2470"]
[PlyCount "85"]
[EventDate "2016.04.18"]
[EventType "tourn"]
[EventRounds "9"]
[EventCountry "BUL"]
[EventCategory "9"]
[SourceTitle "CBM 172 Extra"]
[Source "ChessBase"]
[SourceDate "2016.06.21"]
[SourceVersion "1"]
[SourceVersionDate "2016.06.21"]
[SourceQuality "1"]

1. e4 c6 2. d4 d5 3. Nc3 g6 4. Nf3 Bg7 5. h3 Nf6 6. Bd3 dxe4 7. Nxe4 Nxe4 8. Bxe4 Nd7 9. 0-0 0-0 10. c3 c5 11. Bg5 cxd4 12. Nxd4 Nf6 13. Bf3 Qa5 14. Qc1 e5 15. Nb3 Qc7 16. Re1 Be6 17. Qe3 Nd7 18. Rad1 f6 19. Bh6 Rfd8 20. Bxg7 Kxg7 21. h4 h5 22. Rd2 a5 23. Red1 a4 24. Nd4 exd4 25. Qxe6 Nf8 26. Qe4 dxc3 27. Rxd8 Rxd8 28. Rxd8 Qxd8 29. Qxb7+ Kh6 30. bxc3 Qd2 31. Qe7 Qc1+ 32. Kh2 Qf4+ 33. g3 Qxf3 34. Qxf8+ Kh7 35. Qe7+ Kg8 36. Qd8+ Kg7 37. Qd4 a3 38. Kg1 Qe2 39. Qa7+ Kg8 40. Qxa3 Qe1+ 41. Kg2 Qe4+ 42. Kh2 Qe2 43. Qa7 1-0

[Event "Golden Sands op-B"]
[Site "Golden Sands"]
[Date "2015.06.13"]
[Round "6"]
[White "Danov, Radi"]
[Black "Ustianovich, Nazar"]
[Result "1-0"]
[WhiteElo "2235"]
[BlackElo "2244"]
[PlyCount "117"]
[EventDate "2015.06.08"]
[EventType "swiss"]
[EventRounds "9"]
[EventCountry "BUL"]
[SourceTitle "CBM 167 Extra"]
[Source "ChessBase"]
[SourceDate "2015.09.14"]
[SourceVersion "1"]
[SourceVersionDate "2015.09.14"]
[SourceQuality "1"]

1. e4 c6 2. d4 d6 3. Nc3 Nf6 4. f3 e5 5. Be3 Qb6 6. Qd2 Qxb2 7. Rb1 Qa3 8. Bc4 Be7 9. Nge2 Qa5 10. 0-0 Nbd7 11. a4 Qc7 12. Ng3 Nf8 13. f4 Ne6 14. fxe5 dxe5 15. Nf5 0-0 16. d5 cxd5 17. Nxe7+ Qxe7 18. Nxd5 Nxd5 19. exd5 Nd4 20. Bxd4 exd4 21. Qxd4 Qd6 22. Bd3 b6 23. c4 Bd7 24. a5 Rab8 25. Rb2 Rfc8 26. Rfb1 Rc5 27. axb6 Rxb6 28. Rxb6 axb6 29. Qh4 g6 30. Qd8+ Kg7 31. Qxb6 Qe7 32. Qb2+ Qf6 33. Qxf6+ Kxf6 34. Rf1+ Ke7 35. Ra1 Kd6 36. Ra6+ Ke5 37. Ra7 Bf5 38. Be2 f6 39. Rxh7 g5 40. Re7+ Kd6 41. Ra7 Ke5 42. Kf2 Be4 43. Re7+ Kd4 44. d6 Rc8 45. d7 Rd8 46. Bf3 f5 47. g4 Bd3 48. Bc6 Rb8 49. gxf5 Bxf5 50. Re8 Rb2+ 51. Kg3 Rb3+ 52. Bf3 Bxd7 53. Rd8 Kxc4 54. Rxd7 Ra3 55. Kg4 Kc5 56. Rd5+ Kb6 57. Rxg5 Kc7 58. Rd5 Kc6 59. Rd3+ 1-0

[Event "Golden Sands op-B"]
[Site "Golden Sands"]
[Date "2015.06.12"]
[Round "5"]
[White "Todorov, Ognjan"]
[Black "Danov, Radi"]
[Result "1/2-1/2"]
[WhiteElo "2220"]
[BlackElo "2235"]
[PlyCount "67"]
[EventDate "2015.06.08"]
[EventType "swiss"]
[EventRounds "9"]
[EventCountry "BUL"]
[SourceTitle "CBM 167 Extra"]
[Source "ChessBase"]
[SourceDate "2015.09.14"]
[SourceVersion "1"]
[SourceVersionDate "2015.09.14"]
[SourceQuality "1"]

1. d4 Nf6 2. Nf3 c5 3. e3 g6 4. c4 cxd4 5. exd4 Bg7 6. Nc3 d5 7. Be2 0-0 8. 0-0 Nc6 9. Re1 dxc4 10. Bxc4 Bg4 11. d5 Na5 12. Bf1 Rc8 13. h3 Bxf3 14. Qxf3 Nc4 15. Bxc4 Rxc4 16. d6 Qxd6 17. Qxb7 Rc7 18. Qf3 Rd7 19. Bf4 Qb4 20. Re2 Rc8 21. Rae1 e6 22. Be5 Qe7 23. Rc2 Qd8 24. Rec1 Rd3 25. Qe2 Rd7 26. Ne4 Rxc2 27. Nxf6+ Bxf6 28. Rxc2 Bxe5 29. Qxe5 Rd5 30. Qf4 Kg7 31. Rc7 Rf5 32. Qc1 Qf6 33. Qc2 a5 34. Rc5 1/2-1/2

[Event "BUL-chT 64th"]
[Site "Sunny Beach"]
[Date "2015.06.05"]
[Round "6.3"]
[White "Danov, Radi"]
[Black "Kukov, Velislav"]
[Result "1/2-1/2"]
[WhiteElo "2248"]
[BlackElo "2373"]
[PlyCount "68"]
[EventDate "2015.05.31"]
[EventType "team-tourn"]
[EventRounds "7"]
[EventCountry "BUL"]
[SourceTitle "CBM 166 Extra"]
[Source "ChessBase"]
[SourceDate "2015.06.18"]
[SourceVersion "1"]
[SourceVersionDate "2015.06.18"]
[SourceQuality "1"]
[WhiteTeam "Pernik Yuriy Benderev"]
[BlackTeam "Dupnitsa Marek Union"]
[WhiteTeamCountry "BUL"]
[BlackTeamCountry "BUL"]

1. e4 Nc6 2. Nf3 d5 3. exd5 Qxd5 4. Nc3 Qa5 5. Bb5 Bg4 6. h3 Bd7 7. 0-0 e6 8. d3 Bb4 9. Bd2 Nf6 10. Bxc6 Bxc6 11. a3 Bxc3 12. Bxc3 Qd5 13. Qe2 0-0-0 14. Qe5 Qxe5 15. Nxe5 Be8 16. Rfe1 Rg8 17. Ng4 Nxg4 18. hxg4 Bc6 19. f3 Rd5 20. Kf2 h5 21. gxh5 Rxh5 22. Rh1 Rxh1 23. Rxh1 g6 24. Kg3 Kd7 25. Rh8 Rxh8 26. Bxh8 b5 27. Bf6 Bd5 28. Kf4 a5 29. Ke3 a4 30. g3 Kd6 31. f4 Bb7 32. Bg7 Bd5 33. Bf6 Bb7 34. Bg7 Bd5 1/2-1/2

[Event "Thessaloniki Vardaris op 1st"]
[Site "Thessaloniki"]
[Date "2015.02.23"]
[Round "7"]
[White "Danov, Radi"]
[Black "Galopoulos, Nikolaos"]
[Result "1-0"]
[WhiteElo "2159"]
[BlackElo "2365"]
[PlyCount "55"]
[EventDate "2015.02.20"]
[EventType "swiss"]
[EventRounds "7"]
[EventCountry "GRE"]
[SourceTitle "CBM 165 Extra"]
[Source "ChessBase"]
[SourceDate "2015.04.21"]
[SourceVersion "1"]
[SourceVersionDate "2015.04.21"]
[SourceQuality "1"]

1. e4 c5 2. Nf3 d6 3. d4 cxd4 4. Nxd4 Nf6 5. Nc3 a6 6. f4 e5 7. Nf3 Qc7 8. Bd3 Nbd7 9. a4 Be7 10. 0-0 0-0 11. Kh1 Nc5 12. Qe1 exf4 13. Bxf4 Re8 14. Nd4 Ne6 15. e5 Nh5 16. exd6 Bxd6 17. Bxd6 Qxd6 18. Nf5 Qf8 19. Qh4 g6 20. Rae1 Nef4 21. Ne7+ Kg7 22. Ncd5 Nxd5 23. Nxd5 Rxe1 24. Qxe1 Qd6 25. Qc3+ Kg8 26. Qd4 Qf8 27. Nb6 Rb8 28. Bc4 1-0

[Event "Thessaloniki Vardaris op 1st"]
[Site "Thessaloniki"]
[Date "2015.02.22"]
[Round "4"]
[White "Danov, Radi"]
[Black "Papasimakopoulos, Alexandros"]
[Result "1-0"]
[WhiteElo "2159"]
[BlackElo "2231"]
[PlyCount "91"]
[EventDate "2015.02.20"]
[EventType "swiss"]
[EventRounds "7"]
[EventCountry "GRE"]
[SourceTitle "CBM 165 Extra"]
[Source "ChessBase"]
[SourceDate "2015.04.21"]
[SourceVersion "1"]
[SourceVersionDate "2015.04.21"]
[SourceQuality "1"]

1. e4 e6 2. d4 d5 3. Nd2 Nf6 4. e5 Nfd7 5. Bd3 c5 6. c3 Nc6 7. Ngf3 a5 8. 0-0 Be7 9. Re1 cxd4 10. cxd4 g5 11. h3 h5 12. Nf1 g4 13. hxg4 hxg4 14. N3h2 Bb4 15. Re3 Qh4 16. Rg3 f5 17. exf6 Bd6 18. Qxg4 Bxg3 19. Qg6+ Kd8 20. fxg3 Qxd4+ 21. Be3 Qxb2 22. Rc1 Rf8 23. Ng4 Qa3 24. Bb5 Kc7 25. Bxc6 bxc6 26. Bf4+ Kb6 27. Rb1+ Ka6 28. Qc2 Qc5+ 29. Qxc5 Nxc5 30. Bd6 Nd7 31. Bxf8 Nxf8 32. Ne5 c5 33. g4 Bd7 34. Nd2 Ba4 35. g5 c4 36. Rc1 Be8 37. f7 Bxf7 38. Nxf7 Ng6 39. Re1 Re8 40. Nf3 c3 41. N7e5 Nxe5 42. Nxe5 Rf8 43. g6 Kb5 44. Rb1+ Ka4 45. Rb3 Rc8 46. Nd7 1-0

[Event "Plovdiv Bulgarian op 37th"]
[Site "Plovdiv"]
[Date "2015.02.02"]
[Round "2"]
[White "Danov, Radi"]
[Black "Rusev, Krasimir"]
[Result "0-1"]
[WhiteElo "2159"]
[BlackElo "2536"]
[PlyCount "72"]
[EventDate "2015.02.01"]
[EventType "swiss"]
[EventRounds "9"]
[EventCountry "BUL"]
[SourceTitle "CBM 164 Extra"]
[Source "ChessBase"]
[SourceDate "2015.03.02"]
[SourceVersion "1"]
[SourceVersionDate "2015.03.02"]
[SourceQuality "1"]

1. d4 Nf6 2. c4 Nc6 3. Nf3 e6 4. Bg5 h6 5. Bh4 g5 6. Bg3 g4 7. Ne5 Ne4 8. Nxc6 bxc6 9. Nc3 Nxg3 10. hxg3 Rb8 11. Qc2 c5 12. d5 Bg7 13. dxe6 fxe6 14. e3 Qf6 15. Rc1 Bb7 16. Rh5 d6 17. Qa4+ Ke7 18. Qa5 Rhc8 19. Rh4 Bc6 20. b3 Qf5 21. Be2 h5 22. f4 Bf6 23. Rh2 h4 24. Kf2 Kd7 25. Rch1 h3 26. gxh3 Bxh1 27. Rxh1 gxh3 28. g4 Qc2 29. Ne4 Bh4+ 30. Kf3 e5 31. Nc3 Re8 32. Rxh3 exf4 33. Rxh4 Rxe3+ 34. Kxf4 Rxc3 35. Rh7+ Qxh7 36. Qxc3 Qh2+ 0-1

[Event "BUL-ch sf 78th"]
[Site "Plovdiv"]
[Date "2014.02.12"]
[Round "4"]
[White "Danov, Lyubomir"]
[Black "Danov, Radi"]
[Result "1/2-1/2"]
[WhiteElo "2226"]
[BlackElo "2084"]
[PlyCount "64"]
[EventDate "2014.02.10"]
[EventType "swiss"]
[EventRounds "9"]
[EventCountry "BUL"]
[SourceTitle "CBM 158 Extra"]
[Source "ChessBase"]
[SourceDate "2014.02.28"]
[SourceVersion "1"]
[SourceVersionDate "2014.02.28"]
[SourceQuality "1"]

1. c4 Nf6 2. Nc3 c5 3. Nf3 e6 4. e4 Nc6 5. Be2 d5 6. exd5 exd5 7. d4 Be7 8. Be3 cxd4 9. Nxd4 0-0 10. Nxc6 bxc6 11. 0-0 Be6 12. cxd5 Nxd5 13. Nxd5 Bxd5 14. Bf3 Bf6 15. Bxd5 Qxd5 16. Qxd5 cxd5 17. Rfd1 Rfb8 18. Rxd5 Bxb2 19. Rb1 Bd4 20. Rxb8+ Rxb8 21. h3 Bxe3 22. fxe3 Kf8 23. Rd7 Re8 24. Kf2 Re7 25. Rd8+ Re8 26. Rd7 Re7 27. Rd8+ Re8 28. Rd7 Re7 29. Rd8+ Re8 30. Rd7 Re7 31. Rd8+ Re8 32. Rd7 Re7 1/2-1/2

[Event "BUL-ch sf 78th"]
[Site "Plovdiv"]
[Date "2014.02.10"]
[Round "1"]
[White "Danov, Radi"]
[Black "Dimitrov, Radoslav"]
[Result "0-1"]
[WhiteElo "2084"]
[BlackElo "2453"]
[PlyCount "152"]
[EventDate "2014.02.10"]
[EventType "swiss"]
[EventRounds "9"]
[EventCountry "BUL"]
[SourceTitle "CBM 158 Extra"]
[Source "ChessBase"]
[SourceDate "2014.02.28"]
[SourceVersion "1"]
[SourceVersionDate "2014.02.28"]
[SourceQuality "1"]

1. b3 e5 2. Bb2 Nc6 3. e3 d5 4. Bb5 Bd6 5. f4 Qh4+ 6. g3 Qe7 7. Nf3 Bg4 8. fxe5 Bxe5 9. Bxe5 Bxf3 10. Qxf3 Qxe5 11. d4 Qd6 12. 0-0 Nf6 13. c4 0-0 14. Bxc6 bxc6 15. Nc3 Rae8 16. cxd5 cxd5 17. Rac1 c6 18. Na4 Ne4 19. Qf4 Qg6 20. Nc5 Nxc5 21. Rxc5 Re6 22. Qf5 Qh6 23. Qf4 Qh5 24. Qf3 Qg5 25. Qf4 Qe7 26. Rc3 Re8 27. Rfc1 Rf6 28. Qg4 g6 29. Qh4 a5 30. Kg2 Qe6 31. R1c2 Kg7 32. Rxc6 Qxc6 33. Rxc6 Rxc6 34. Qg5 Rc2+ 35. Kf3 f5 36. Qf4 Rc3 37. Kf2 Re4 38. Qd6 Rcxe3 39. Qxd5 Re2+ 40. Kf3 Rxh2 41. Qxa5 Ree2 42. Qa7+ Kh6 43. d5 Rxa2 44. Qe3+ Kh5 45. d6 Rad2 46. Qg1 g5 47. g4+ Kg6 48. gxf5+ Kxf5 49. Qc5+ Kf6 50. Qc6 Rh3+ 51. Ke4 Rhd3 52. Qc5 Rd4+ 53. Ke3 R2d3+ 54. Ke2 Rxd6 55. b4 R3d5 56. Qc4 h5 57. b5 Re5+ 58. Kf3 g4+ 59. Kf4 Rf5+ 60. Ke4 Re6+ 61. Kd3 g3 62. Qd4+ Kg6 63. Qh8 Rxb5 64. Qg8+ Kf6 65. Qh8+ Kg5 66. Qg7+ Kh4 67. Qf7 Rd5+ 68. Kc4 Rde5 69. Qf4+ Kh3 70. Qf3 Kh2 71. Kd4 h4 72. Qf1 h3 73. Qc1 Re4+ 74. Kd3 g2 75. Qb2 Kh1 76. Qh8 Re3+ 0-1

[Event "Plovdiv Tringov Memorial 36th"]
[Site "Plovdiv"]
[Date "2014.02.03"]
[Round "2"]
[White "Danov, Radi"]
[Black "Dimitrov, Radoslav"]
[Result "1/2-1/2"]
[WhiteElo "2084"]
[BlackElo "2453"]
[PlyCount "122"]
[EventDate "2014.02.02"]
[EventType "swiss"]
[EventRounds "9"]
[EventCountry "BUL"]
[SourceTitle "CBM 158 Extra"]
[Source "ChessBase"]
[SourceDate "2014.02.28"]
[SourceVersion "1"]
[SourceVersionDate "2014.02.28"]
[SourceQuality "1"]

1. b3 e5 2. Bb2 Nc6 3. e3 Nf6 4. Bb5 e4 5. Ne2 d5 6. d3 exd3 7. cxd3 Bd6 8. Nd2 0-0 9. Bxc6 bxc6 10. Rc1 Ng4 11. Nf3 f6 12. Rxc6 Ne5 13. Rc1 Nxf3+ 14. gxf3 Qe8 15. Ng3 a5 16. Rg1 Kh8 17. f4 Bb4+ 18. Bc3 d4 19. Bxb4 axb4 20. Qd2 dxe3 21. fxe3 Bg4 22. Kf2 Qe7 23. Rc4 Be6 24. Re4 Qd6 25. f5 Bd5 26. Rh4 Ra5 27. Rc1 Rfa8 28. Rc2 c5 29. d4 c4 30. bxc4 Bxc4 31. Rxc4 Qd5 32. Qc1 Rxa2+ 33. Ne2 Qxf5+ 34. Rf4 Qh3 35. Qg1 Qh5 36. Qg4 Qxh2+ 37. Ke1 Qh1+ 38. Rf1 Qb7 39. Kf2 f5 40. Qf3 Qe7 41. Rfc1 Qh4+ 42. Kf1 g6 43. Rc8+ Rxc8 44. Rxc8+ Kg7 45. Rc7+ Kf6 46. Rc6+ Kg7 47. Rc7+ Kf6 48. Rc6+ Kg5 49. Qf4+ Qxf4+ 50. exf4+ Kg4 51. Kf2 Ra3 52. Rb6 Rf3+ 53. Ke1 Rb3 54. d5 Rd3 55. Rxb4 Rxd5 56. Rb3 Rd6 57. Rg3+ Kh5 58. Kf2 h6 59. Rg1 g5 60. Rh1+ Kg4 61. Rg1+ Kh5 1/2-1/2

[Event "EU-ch U18 23rd"]
[Site "Budva"]
[Date "2013.10.07"]
[Round "8"]
[White "Danov, Radi"]
[Black "Karlsson, Mikael Johann"]
[Result "1-0"]
[WhiteElo "2031"]
[BlackElo "2068"]
[PlyCount "95"]
[EventDate "2013.09.29"]
[EventType "swiss"]
[EventRounds "9"]
[EventCountry "MNE"]
[SourceTitle "CBM 156 Extra"]
[Source "ChessBase"]
[SourceDate "2013.10.22"]
[SourceVersion "1"]
[SourceVersionDate "2013.10.22"]
[SourceQuality "1"]

1. d4 d5 2. Bf4 Nf6 3. Nf3 e6 4. e3 Bd6 5. Bg3 Ne4 6. Bd3 f5 7. c4 c6 8. Nbd2 0-0 9. Bxe4 fxe4 10. Ne5 Bxe5 11. Bxe5 Qg5 12. Bg3 Nd7 13. Qb3 b6 14. cxd5 exd5 15. Nxe4 Qg6 16. Nd2 Nf6 17. 0-0 h5 18. f3 Qg5 19. Bf4 Qg6 20. h4 Nh7 21. Kh2 Qf6 22. Bg3 Re8 23. Rfe1 Nf8 24. Ne4 Qg6 25. Ng5 Ne6 26. Nxe6 Bxe6 27. Rac1 Rac8 28. Qa4 Qf7 29. Qc2 Bf5 30. Qf2 Re6 31. Bf4 Rce8 32. b4 b5 33. Qd2 Qe7 34. Bg5 Qd6+ 35. Kg1 a6 36. a4 Rb8 37. Bf4 Qd8 38. Bxb8 Qxb8 39. axb5 axb5 40. e4 dxe4 41. Rc5 g6 42. fxe4 Bxe4 43. Re5 Rxe5 44. dxe5 Bd5 45. Qg5 Qe8 46. e6 Kg7 47. Qe5+ Kg8 48. Qf6 1-0

[Event "BUL-chT2"]
[Site "Albena"]
[Date "2011.06.04"]
[Round "4.2"]
[White "Petrov, Valeri"]
[Black "Danov, Radi"]
[Result "0-1"]
[WhiteElo "1996"]
[BlackElo "1812"]
[PlyCount "74"]
[EventDate "2011.06.02"]
[EventType "team-tourn"]
[EventRounds "9"]
[EventCountry "BUL"]
[SourceTitle "CBM 142 Extra"]
[Source "ChessBase"]
[SourceDate "2011.06.27"]
[SourceVersion "1"]
[SourceVersionDate "2011.06.27"]
[SourceQuality "1"]
[WhiteTeam "Slivnitsa Geroy"]
[BlackTeam "Pernik Yuriy Benderev"]
[WhiteTeamCountry "BUL"]
[BlackTeamCountry "BUL"]

1. e4 c5 2. Nf3 d6 3. c3 Nf6 4. e5 dxe5 5. Nxe5 Nbd7 6. Bb5 a6 7. Nxd7 Bxd7 8. Bxd7+ Qxd7 9. 0-0 e6 10. Qf3 Be7 11. d3 0-0 12. Rd1 Rfd8 13. Bg5 Qd5 14. Qxd5 Rxd5 15. Be3 b5 16. a4 b4 17. Kf1 Rad8 18. Ke2 Ng4 19. h3 Ne5 20. d4 cxd4 21. cxd4 Nc6 22. b3 e5 23. Nd2 exd4 24. Bf4 d3+ 25. Kf1 Nd4 26. Rac1 Ne2 27. Rc4 a5 28. Bc7 Re8 29. Ne4 f5 30. Nd2 Bf6 31. Rc6 Rc8 32. Rc4 Re8 33. Rc6 Nc3 34. Re1 Re2 35. Rxe2 dxe2+ 36. Ke1 Bg5 37. f4 Bh4+ 0-1

[Event "BUL-chT2"]
[Site "Albena"]
[Date "2011.06.03"]
[Round "2.1"]
[White "Gospodinov, Gospodin"]
[Black "Danov, Radi"]
[Result "0-1"]
[WhiteElo "2054"]
[BlackElo "1812"]
[PlyCount "130"]
[EventDate "2011.06.02"]
[EventType "team-tourn"]
[EventRounds "9"]
[EventCountry "BUL"]
[SourceTitle "CBM 142 Extra"]
[Source "ChessBase"]
[SourceDate "2011.06.27"]
[SourceVersion "1"]
[SourceVersionDate "2011.06.27"]
[SourceQuality "1"]
[WhiteTeam "Silistra"]
[BlackTeam "Pernik Yuriy Benderev"]
[WhiteTeamCountry "BUL"]
[BlackTeamCountry "BUL"]

1. c4 Nf6 2. Nc3 g6 3. g3 Bg7 4. Bg2 0-0 5. d4 d6 6. Nf3 Nc6 7. 0-0 a6 8. e4 Bg4 9. Be3 Re8 10. Qd2 Bxf3 11. Bxf3 e5 12. d5 Nd4 13. Bg2 c5 14. h3 Qa5 15. f4 b5 16. fxe5 dxe5 17. cxb5 axb5 18. Bg5 Nd7 19. Qf2 f6 20. Be3 b4 21. Nd1 Nb3 22. axb3 Qxa1 23. h4 Qa6 24. Bh3 Qd6 25. Bxd7 Qxd7 26. Bxc5 Qb5 27. Be3 Qd3 28. Qf3 Ra1 29. Kg2 f5 30. Bg5 Qxf3+ 31. Kxf3 h6 32. Bd2 Rf8 33. Ke2 fxe4 34. Rxf8+ Bxf8 35. Nf2 Kf7 36. Ng4 Bd6 37. Nxh6+ Kg7 38. Ng4 Ra5 39. Ne3 Kf7 40. g4 Ke7 41. Be1 Ra1 42. Nc4 Rb1 43. h5 gxh5 44. gxh5 Bc5 45. h6 Kf6 46. Bg3 Rh1 47. Bxe5+ Kf5 48. d6 Ke6 49. Bf4 Rh4 50. Bd2 Bxd6 51. Nxd6 Kxd6 52. Bxb4+ Kd5 53. Bd2 Rh3 54. b4 Kc4 55. Kf2 Kd3 56. Kg2 Rh5 57. Bf4 e3 58. b3 Ke4 59. Bc7 Rxh6 60. b5 Rg6+ 61. Kh3 e2 62. Ba5 Rg5 63. Be1 Rxb5 64. b4 Kf3 65. Kh4 Kg2 0-1

[Event "Plovdiv Bulgarian op 33rd"]
[Site "Plovdiv"]
[Date "2011.01.30"]
[Round "1"]
[White "Tadic, Branko"]
[Black "Danov, Radi"]
[Result "1-0"]
[WhiteElo "2518"]
[BlackElo "1757"]
[PlyCount "47"]
[EventDate "2011.01.30"]
[EventType "swiss"]
[EventRounds "9"]
[EventCountry "BUL"]
[SourceTitle "CBM 140 Extra"]
[Source "ChessBase"]
[SourceDate "2011.03.01"]
[SourceVersion "1"]
[SourceVersionDate "2011.03.01"]
[SourceQuality "1"]

1. Nf3 Nf6 2. c4 c5 3. g3 g6 4. Bg2 Bg7 5. 0-0 0-0 6. d4 cxd4 7. Nxd4 Nc6 8. c5 Qa5 9. Nb3 Qc7 10. Nc3 a6 11. Bf4 Qd8 12. Qd2 Nh5 13. Bg5 d6 14. Rfd1 f6 15. Be3 dxc5 16. Qxd8 Nxd8 17. Nd5 Nc6 18. Nb6 Rb8 19. Nxc5 Ne5 20. Bd5+ Kh8 21. Be6 Bxe6 22. Nxe6 Rg8 23. Bc5 Nc6 24. g4 1-0